Philadelphia... or Pittsburgh? - Statistics

General Stats
  • This quiz has been taken 27 times
  • The average score is 12 of 15
Answer Stats
Question Answer % Correct
Served as the setting of "Rocky" Philadelphia
100%
Uses "Yinz" as a second person plural Pittsburgh
100%
Is home to the headquarters of U.S. Steel Pittsburgh
100%
Receives more annual snowfall Pittsburgh
100%
Has a team in each of the 4 major North American sports leagues Philadelphia
83%
Has a taller building Philadelphia
83%
Claims to have the steepest street in the US Pittsburgh
83%
Is sometimes considered to be part of Appalachia Pittsburgh
83%
Lies directly on the 40th parallel north Philadelphia
67%
Has a heavy rail subway system Philadelphia
67%
Has a higher median household income (metro area, 2021) Philadelphia
67%
Has a neighborhood called "Squirrel Hill" Pittsburgh
67%
Was home to Mr. Rodgers Pittsburgh
67%
Is located on a river that shares its name with a state Both
50%
Has declined in population since 1960 (city proper) Both
33%
No matching quizzes found
Score Distribution
Percent of People with Each Score
Percentile by Number Answered
Your Score History
You have not taken this quiz